LEADER 01141nam a2200277 u 4500 001 000000077304 003 CaOOAMICUS 005 20110322123807.0 008 040127s1998 it u000 u ita u 020 $a8880251791 035 $a10982257 040 $aPUL$bita 245 00$aStoria religiosa della Spagna /$ca cura di Agostino Borromeo. 260 $aMilano :$bCentro Ambrosiano,$cc1998. 300 $a517 p. ;$c18 cm 490 1 $aEuropa ricerche ;$v5 650 @4$aChiesa$xStoria$zSpagna.$0(OLS)http://pul/subject/16254 651 4$aSpagna$xStoria ecclesiastica.$0(OLS)http://pul/subject/13070 700 1 $aBorromeo, Agostino.$0(OLS)http://pul/name/51402 830 0$aEuropa ricerche ;$v5.$0(OLS)http://pul/title/55639 850 $aPUL 852 $aPUL$W1$xDP1 Cons. Gen., Altre Classi 1$y22$m140 H 5$j99335$nBK-PRI$b $qStampati$B99335$CPULBib$Z2$F99335 $HPUL92253 $81 941 1 $a8 996 $6020$a8880251791$9(OLS)http://pul/number/101323 996 $6245$aStoria religiosa della Spagna$9(OLS)http://pul/title/101376 996 $6260$aMilano :$bCentro Ambrosiano$9(OLS)http://pul/publisher/64424 LEADER 01378nam a2200361 u 4500 001 000000056592 003 CaOOAMICUS 005 20160913172731.0 008 010410s1962 it u000 u ita u 032 $aLibriCat 035 $a10885500 040 $aPUL(R)$bita 041 1 $aita$hfre 100 1 $aDurrwell, François Xavier,$cC.SS.R.,$d1912-2005.$0(OLS)http://pul/name/11943 240 10$aDans le Christ redempteur.$lItaliano.$0(OLS)http://pul/title/75690 245 10$aNel Cristo redentore :$bnote di vita spirituale /$cF. X. Durrwell. 250 $a2. ed. 260 $aRoma :$bPaoline,$c1962. 300 $a414 p. ;$c20 cm 490 1 $aOrientamenti ;$v1 600 04$aIesus Christus.$0(OLS)http://pul/subject/207 650 4$aSalvezza$xCritica e interpretazione.$0(OLS)http://pul/subject/17416 830 0$aOrientamenti (Paoline) ;$v1.$0(OLS)http://pul/title/114982 850 $aPUL 852 $aPUL$W1$xSL Religione 1$y3$m65 D 31$j74210$nBK-PRI$b $qStampati$B74210$CPULBib$Z2$F74210 $H $81 941 1 $a8 960 $aCristologia$9207 960 $aCristologia$9207 960 $aGesù Cristo$9207 961 $aINV: 41787 996 $6245$aNel Cristo redentore :$bnote di vita spirituale$9(OLS)http://pul/title/75691 996 $6260$aRoma :$bPaoline$9(OLS)http://pul/publisher/50842